000 01213cam a2200289 a 4500
999 _c2266
_d2266
001 (Sirsi) a631897
003 OSt
005 20230407142831.0
008 100721s2010 enka a 000 1 eng d
020 _a9781409303350 (pbk.) :
040 _aCHA
_beng
_cTAE
_dKH8
042 _anbic
082 0 _a823.914 ADA
100 1 _aAdamson, Jean,
_d1928-
_eauthor
245 1 0 _aTopsy and Tim play football /
_cby Jean and Gareth Adamson ; illustrations by Belinda Worsley.
246 3 0 _aTopsy & Tim play football.
260 _aLondon :
_bLadybird,
_c[2010]
300 _a[32] p. :
_bcol. ill. ;
_c21 cm.
520 _aTopsy and Tim join the local football club. Along with their friends, they practice their skills, including dribbling a ball around cones. Then they play a proper game. It's so much fun that Topsy and Tim want to play football every day!
521 1 _a0-5.
650 0 _aTopsy (Fictitious character : Adamson)
_vPictorial works
_vJuvenile fiction.
650 0 _aTim (Fictitious character : Adamson)
_vPictorial works
_vJuvenile fiction.
650 0 _aSoccer teams
_vPictorial works
_vJuvenile fiction.
700 1 _aAdamson, Gareth.
_eauthor
700 1 _aWorsley, Belinda.
942 _2ddc
_cNFIC